| 000 | 00588cad a22002055a 4500 | ||
|---|---|---|---|
| 001 | L160055 | ||
| 008 | 150226s2018 xxk f 000 0 eng d | ||
| 035 | _a(Sirsi) u160055 | ||
| 041 | 0 | _aeng | |
| 100 | 1 |
_aHooper, Brendon _96168 |
|
| 245 | 0 | 0 | _aShapes of the waters |
| 260 | _c2018 | ||
| 490 |
_aModus _vApril 2018, 34-35(2) |
||
| 520 | _aCould a vast dockside regeneration project take Liverpool back into the big league? | ||
| 590 | _aKA | ||
| 650 | 2 | 4 | _aREGENERATION PROJECTS |
| 650 | 2 | 4 | _aDOCKYARD DEVELOPMENT |
| 690 | _aBUILDING AND CONSTRUCTION-PROJECTS | ||
| 942 |
_n0 _2ddc |
||
| 999 |
_c85164 _d85164 |
||